|
|
|
|
| LEADER |
00000nam a2200000 a 4500 |
| 001 |
vtls008353978 |
| 003 |
SK-MaSNL |
| 005 |
20260301164830.0 |
| 008 |
230403s1960 xo slo |
| 015 |
|
|
|a SNBA1960/10-01585
|
| 035 |
|
|
|a SK01SNK19600046195
|
| 035 |
|
|
|a urn:nbn:sk:snk-amyd35
|
| 035 |
|
|
|a urn:nbn:sk:snk-am00cgck
|
| 035 |
|
|
|a 0F4FC316-BDDA-47D3-A4EB-5448A865C8FA
|
| 035 |
|
|
|a SKM000048658
|
| 040 |
|
|
|a SNK
|b slo
|c SNK
|e AACR2
|
| 041 |
0 |
|
|a slo
|
| 044 |
|
|
|a xo
|
| 080 |
|
|
|a 372.46(035)
|2 1981
|
| 100 |
1 |
|
|a Horváth, Imrich
|4 aut
|9 399088
|
| 245 |
1 |
0 |
|a Cvičebnica slovenského jazyka pre 3. ročník všeobecnovzdelávacích škôl s maďarským vyučovacím jazykom
|c Imrich Horváth
|
| 250 |
|
|
|a 3. vyd.
|
| 260 |
|
|
|a Bratislava
|b Slovenské pedagogické nakladateľstvo
|c 1960
|e Košice
|f Východoslovenské tlačiarne
|
| 300 |
|
|
|a 166, [4] s.
|c 8°
|
| 500 |
|
|
|a Ilustr. Mp. Noty. Slovník. Súbež. názov. maď.
|
| 563 |
|
|
|a 1700 výtl.
|
| 650 |
0 |
7 |
|a slovenčina
|2 SNKPH
|9 1350
|
| 655 |
|
7 |
|a učebnice
|2 SNKPH
|9 22521
|
| 852 |
|
|
|a Slovenská národná knižnica
|
| 919 |
|
|
|a viaz.
|
| 954 |
|
|
|a odborná, vedecká literatúra pôvodná (slovenská)
|2 lita
|
| 958 |
|
|
|a OND
|
| 958 |
|
|
|a TL
|
| 958 |
|
|
|a RK
|
| 958 |
|
|
|a UX
|
| 958 |
|
|
|a EUIPO
|
| 999 |
|
|
|c 821981
|d 823911
|
| 952 |
|
|
|a SNK
|b SNK
|y PREZ
|7 0
|p 17A0662731
|o snkSD 18906
|i snkKSP 3241/60
|0 0
|1 0
|4 0
|d 2010-07-28
|f 1
|l 0
|r 2025-12-02 00:00:00
|w 2026-02-24
|